Сборник песен (Запись № 7486217)

Подробности
000 -МАРКЕР
контрольное поле 02711nam0a22004451 4500
001 - ИДЕНТИФИКАТОР ЗАПИСИ
контрольное поле rc\2798844
005 - ИДЕНТИФИКАТОР ВЕРСИИ
контрольное поле 20250529173815.0
035 ## - ДРУГИЕ СИСТЕМНЫЕ НОМЕРА
Идентификатор записи (NLR Aleph) 006924876
100 ## - ДАННЫЕ ОБЩЕЙ ОБРАБОТКИ
Данные общей обработки 20110915d1936 |||y0rusy50 ca
101 0# - ЯЗЫК РЕСУРСА
Язык текста, звукозаписи и т.д. русский
102 ## - СТРАНА ПУБЛИКАЦИИ ИЛИ ПРОИЗВОДСТВА
Страна публикации Российская Федерация
105 ## - ПОЛЕ КОДИРОВАННЫХ ДАННЫХ: ТЕКСТОВЫЕ МАТЕРИАЛЫ, МОНОГРАФИЧЕСКИЕ
Кодированные данные о монографическом текстовом документе y z |||||
200 1# - ЗАГЛАВИЕ И СВЕДЕНИЯ ОБ ОТВЕТСТВЕННОСТИ
Основное заглавие Сборник песен
Первые сведения об ответственности Укомплектував С. Бродський
210 ## - ПУБЛИКАЦИЯ, РАСПРОСТРАНЕНИЕ И ДР.
Место издания, распространения и т.д. Днепропетровск
Имя издателя, распространителя и т. д. Завод им. Хатаевича
Дата издания, распространения и т.д. 1936
215 ## - ФИЗИЧЕСКАЯ ХАРАКТЕРИСТИКА
Специфическое обозначение материала и объем Обл., 20 с., без тит. л.
Размеры 13х9,5 см.
300 ## - ОБЩИЕ ПРИМЕЧАНИЯ
Текст примечания Текст на укр. и рус. яз.
300 ## - ОБЩИЕ ПРИМЕЧАНИЯ
Текст примечания На 2 с. обл.: Вид. редакцii газ. "Червоний металург" та Завком ДЗМУ
327 0# - ПРИМЕЧАНИЯ О СОДЕРЖАНИИ
Текст примечания Содержание: Iнтернацiонал. Партизан Железняк. Нас побить, побить хотели. Молодость. "Комiнтерн" Марш веселых ребят. Все выше. Маленький барабанщик. Партизанская. Песня про Сталина. Песня о встречном. Песня Роберта Гранта. Песня о родине. Каховка. Кiннота Будьонного. Полюшко-поле...
464 #0 - АНАЛИТИЧЕСКИЙ УРОВЕНЬ
Встроенное поле 2000#$aПесня о встречном
Заглавие Песня о встречном
464 #0 - АНАЛИТИЧЕСКИЙ УРОВЕНЬ
Встроенное поле 2000#$aПесня Роберта Гранта
Заглавие Песня Роберта Гранта
464 #0 - АНАЛИТИЧЕСКИЙ УРОВЕНЬ
Встроенное поле 2000#$aПартизанская
Заглавие Партизанская
464 #0 - АНАЛИТИЧЕСКИЙ УРОВЕНЬ
Встроенное поле 2000#$aПесня про Сталина
Заглавие Песня про Сталина
464 #0 - АНАЛИТИЧЕСКИЙ УРОВЕНЬ
Встроенное поле 2000#$aКiннота Будьонного
Заглавие Кiннота Будьонного
464 #0 - АНАЛИТИЧЕСКИЙ УРОВЕНЬ
Встроенное поле 2000#$aПолюшко-поле...
Заглавие Полюшко-поле...
464 #0 - АНАЛИТИЧЕСКИЙ УРОВЕНЬ
Встроенное поле 2000#$aПесня о родине
Заглавие Песня о родине
464 #0 - АНАЛИТИЧЕСКИЙ УРОВЕНЬ
Встроенное поле 2000#$aКаховка
Заглавие Каховка
464 #0 - АНАЛИТИЧЕСКИЙ УРОВЕНЬ
Встроенное поле 2000#$aНас побить, побить хотели
Заглавие Нас побить, побить хотели
464 #0 - АНАЛИТИЧЕСКИЙ УРОВЕНЬ
Встроенное поле 2000#$aПартизан Железняк
Заглавие Партизан Железняк
464 #0 - АНАЛИТИЧЕСКИЙ УРОВЕНЬ
Встроенное поле 2000#$aIнтернацiонал
Заглавие Iнтернацiонал
464 #0 - АНАЛИТИЧЕСКИЙ УРОВЕНЬ
Встроенное поле 2000#$aМолодость
Заглавие Молодость
464 #0 - АНАЛИТИЧЕСКИЙ УРОВЕНЬ
Встроенное поле 2000#$aМаленький барабанщик
Заглавие Маленький барабанщик
464 #0 - АНАЛИТИЧЕСКИЙ УРОВЕНЬ
Встроенное поле 2000#$aВсе выше
Заглавие Все выше
464 #0 - АНАЛИТИЧЕСКИЙ УРОВЕНЬ
Встроенное поле 2000#$a"Комiнтерн" Марш веселых ребят
Заглавие "Комiнтерн" Марш веселых ребят
702 #1 - ИМЯ ЛИЦА - ВТОРИЧНАЯ ОТВЕТСТВЕННОСТЬ
Начальный элемент ввода Бродський
Часть имени, кроме начального элемента ввода С.
Код отношения Составитель
801 #0 - ИСТОЧНИК ЗАПИСИ
Страна Российская Федерация
Организация NLR
Правила каталогизации psbo
801 #1 - ИСТОЧНИК ЗАПИСИ
Страна Российская Федерация
Организация ELAR
Источник данных rusmarc
852 ## - МЕСТОНАХОЖДЕНИЕ И ШИФР ХРАНЕНИЯ
Идентификатор организации NLR
Шифр хранения (Call Number) 36-8/2573
942 ## - ДОПОЛНИТЕЛЬНЫЕ ЭЛЕМЕНТЫ ЗАПИСИ (АБИС)
Тип экземпляра АБИС Книга
980 ## - КОЛЛЕКЦИЯ
Название коллекции Национальная библиография
Экземпляры
Тип экземпляра Дата поступления Библиотека постоянного хранения Библиотека текущего хранения Место хранения Шифр хранения Штрих-код Статус экземпляра
Книга 26.10.2013 РНБ (Садовая) РНБ (Садовая) Русский книжный фонд -Главное здание, Ленинский читальный зал 36-8/2573 6924876-10